| Поле | Название | Значение |
| |
Тип записи |
a |
| |
Библиографический уровень |
m |
| 001 |
Контрольный номер |
b2e86fc17b814912ae4b5141ab1c0faf |
| 005 |
Дата корректировки |
20230707133315.7 |
| 010 |
Индекс ISBN |
__ |
| a |
ISBN |
978-5-04-092658-9 |
| d |
Цена |
79-28 |
| 100 |
Данные общей обработки |
__ |
| a |
Данные общей обработки |
20210121d2018####am#y0rusy50######ca |
| 101 |
Язык документа |
0_ |
| a |
Язык текста |
rus |
| c |
Язык оригинала |
eng |
| 102 |
Страна публикации |
__ |
| a |
Страна публикации |
RU |
| 200 |
Заглавие и сведения об ответственности |
1_ |
| a |
Заглавие |
Девять уроков |
| e |
Сведения, относящиеся к заглавию |
роман |
| f |
Первые сведения об ответственности |
Кевин Алан Милн |
| g |
Последующие сведения об ответственности |
перевод с английского Н. Лебедевой |
| 210 |
Выходные данные |
1_ |
| a |
Место издания |
Москва |
| c |
Издательство |
Э |
| d |
Дата издания |
2018 |
| 215 |
Физическое описание |
__ |
| a |
Объем |
314, [1] с. |
| d |
Формат |
21 |
| 225 |
Серия (Журнальная рубрика) |
2_ |
| a |
Серия (Журнальная рубрика) |
Любовь глазами мужчины. Романы Кевина Алана Милна |
| 333 |
Примечание о целевом назначении |
__ |
| a |
Примечание о целевом назначении |
16+ |
| 606 |
Тематические рубрики |
__ |
| a |
Основная рубрика |
Художественная литература |
| 606 |
Тематические рубрики |
__ |
| a |
Основная рубрика |
Литература Америки (произведения) |
| 610 |
Ключевые слова |
0_ |
| a |
Ключевые слова |
американская литература |
| a |
Ключевые слова |
романы |
| 686 |
Индексы других классификаций |
__ |
| a |
Индекс ББК |
84(7Сое)-4 |
| 700 |
Автор |
_1 |
| a |
Фамилия |
Милн |
| b |
Имя |
К. А. |
| f |
Даты |
1973- |
| g |
Полное личное имя |
Кевин Алан |
| 801 |
Источник записи |
_0 |
| a |
Страна |
RU |
| b |
Организация |
Центральная районная библиотека им. Г. А. Пирожникова |
| c |
Дата составления |
20210121 |
| 801 |
Источник записи |
_1 |
| a |
Страна |
RU |
| b |
Организация |
Центральная районная библиотека им. Г. А. Пирожникова |
| c |
Дата составления |
20210121 |
| 852 |
Данные о местонахождении |
__ |
| j |
Шифр хранения |
84(7Сое) |
| i |
Авторский знак |
М 604 |
| 901 |
Тип документа |
__ |
| t |
Тип документа |
m |
| 902 |
Роль лиц |
__ |
| a |
Создатель БЗ |
ОКиО/Шумских |